Geografía matemática : (Record no. 10003)

000 -CABECERA
fixed length control field 01031nam a22002057a 4500
003 - IDENTIFICADOR DEL NÚMERO DE CONTROL
control field AR-CdUCM
008 - DATOS DE LONGITUD FIJA--INFORMACIÓN GENERAL
fixed length control field 190329b ||||| |||| 00| 0 spa d
040 ## - FUENTE DE LA CATALOGACIÓN
Agencia/entidad que catalogó originalmente la obra MUNICIPALIDAD PROVINCIAL DEL CUSCO
Entidad que transcribió la catalogación BIBLIOTECA MUNICIPAL DEL CUSCO
082 ## - NÚMERO DE LA CLASIFICACIÓN DECIMAL DEWEY
No. de Clasificación 526.6 /
Notacion interna D67 /1953
100 ## - ENTRADA PRINCIPAL--NOMBRE DE PERSONA
Nombre Personal Dianderas Sanchez, Gerardo,
245 ## - MENCIÓN DE TÍTULO
Título Geografía matemática :
Resto del título lecciones dictadas en la Facultad de Ciencias y en el Instituto de Geografía de la Universidad Nacional Mayor de San Marcos /
260 ## - PUBLICACIÓN, DISTRIBUCIÓN, ETC.
Lugar de publicación, distribución, etc. Lima :
Fecha de publicación, distribución, etc. 1953.
300 ## - DESCRIPCIÓN FÍSICA
Nº de Páginas Extensión 255 paginas ;.
Otros detalles físicos Ilustraciones, formulas, cuadros, diggramas,
Dimensiones 24 cm.
505 ## - NOTA DE CONTENIDO CON FORMATO
Nota de contenido formateada Contenido : Definición y objeto de la geografía matemática -- Unidades de medida -- Constitución general del universo -- Descripción, dimensiones y forma de nuestra galaxia -- Origen del sistema planetario solar -- Paralaje del sol por la paralaje de venus...
650 ## - PUNTO DE ACCESO ADICIONAL DE MATERIA--TÉRMINO DE MATERIA
Descriptor Geografía
9 (RLIN) 318
650 ## - PUNTO DE ACCESO ADICIONAL DE MATERIA--TÉRMINO DE MATERIA
Descriptor Matemática
9 (RLIN) 19387
650 ## - PUNTO DE ACCESO ADICIONAL DE MATERIA--TÉRMINO DE MATERIA
Descriptor Sistema planetario solar
9 (RLIN) 26597
942 ## - ELEMENTOS DE PUNTO DE ACCESO ADICIONAL (KOHA)
Fuente de clasificación
Tipo de item Libros-BMC
945 ## - PROCESAMIENTO DE INFORMACIÓN LOCAL (OCLC)
Catalogador wnts
Holdings
Estado de retiro (separado) Fuente de clasificación o esquema de estanterías Estado dañado Ubicación Sala donde se ubica Nombre de la colección Fecha de adquisición o compra Costo, precio normal en soles Signatura topográfica Código de Barras Última vez visto (Koha) Tipo de ítem (Koha)
No     Sala Cusco Antiguo Sala Cusco Antiguo Book Cart 2019-03-29 75.00 526.6 / D67 /1953 SCA0000649 2019-03-29 Libros-BMC

Powered by Koha